Guess the 1960s song lyrics #231 - Statistics

General Stats
  • This quiz has been taken 30 times
  • The average score is 164 of 241
Answer Stats
Answer % Correct
a
100%
I
100%
good
96%
Good
96%
be
91%
me
91%
she
91%
She
91%
the
91%
vibrations
91%
And
87%
giving
87%
hear
87%
I'm
87%
her
78%
Oh
78%
up
78%
Beach Boys
74%
of
74%
excitations
70%
Excitations
70%
in
70%
She's
70%
she's
70%
love
65%
my
65%
to
65%
way
65%
where
65%
know
61%
On
61%
there
61%
that
57%
When
57%
with
57%
eyes
52%
hair
52%
pickin
52%
sound
52%
must
48%
now
48%
what
48%
but
43%
Close
43%
clothes
43%
don't
43%
sunlight
43%
wears
43%
closer
39%
look
39%
somehow
39%
those
39%
upon
39%
colorful
35%
Gotta
35%
keep
35%
plays
35%
through
35%
Ah
30%
goes
30%
happenin
30%
lovin
30%
Nah
30%
nah
30%
kind
26%
sends
26%
sensation
26%
smile
26%
Softly
22%
wind
22%
blossom
17%
gentle
17%
lifts
17%
perfume
17%
world
17%
air
13%
elation
13%
vibations
0%
No matching quizzes found
Score Distribution
Percent of People with Each Score
Percentile by Number Answered
Your Score History
You have not taken this quiz